Rehabilitación y mantenimiento de caminos vecinales en el cantón de Oreamuno, Cartago

שמור ב:
מידע ביבליוגרפי
מחבר ראשי: Brenes Esquivel, Ricardo Alberto
פורמט: ספר
יצא לאור: San José, Costa Rica 1992
נושאים:
תגים: הוספת תג
אין תגיות, היה/י הראשונ/ה לתייג את הרשומה!

MARC

LEADER 00000nam a2200000Ia 4500
003 005551
005 20221231144319.0
008 140114s1993 cr a m 000 ||s d
040 |c cru CEDI 
090 |a TFG 2668 
100 |a Brenes Esquivel, Ricardo Alberto  |9 12254 
245 |a Rehabilitación y mantenimiento de caminos vecinales en el cantón de Oreamuno, Cartago  
260 |c 1992  |a San José, Costa Rica 
300 |a  v, 126 hojas ; 28 cm. 
500 |a  Proyecto de graduación (licenciatura en ingeniería civil)--Universidad de Costa Rica. Facultad de Ingeniería. Escuela de Ingeniería Civil 
650 |x CAMINOS - COSTA RICA   |x CAMINOS - CUIDADO Y REPARACION  |9 12255 
942 |c TFG  |2 ddc 
999 |c 20015  |d 20015